| 000 | 00956nmm a2200277 a 4500 | ||
|---|---|---|---|
| 001 | ocm000701133 | ||
| 003 | TR-IsHL | ||
| 005 | 20201028135423.0 | ||
| 008 | 131209s[t.y tu tur | ||
| 007 | cr cn | ||
| 035 |
_a701133 _b(N$T) |
||
| 050 | 0 | 4 |
_aRA784 _b.G53 [t.y.] |
| 090 | 0 | 4 |
_aRA784 _b.G53 [t.y.] |
| 245 | 1 | 0 |
_aGıdalarımızı tanıyalım: nasıl koruyalım, tüketelim _h[electronic resource] / _cİstanbul Ticaret Odası |
| 260 |
_aİstanbul : _bİstanbul Ticaret Odası, _c[t.y.] |
||
| 300 | _a21 p. | ||
| 650 | 4 | _aGenel Çalışmalar | |
| 650 | 4 | _aGeneral Works | |
| 650 | 0 |
_aGıdalar _x Tüketim |
|
| 650 | 0 |
_aFoods _x Consumption |
|
| 650 | 0 |
_aGıdalar _x Koruma |
|
| 650 | 0 |
_aFoods _x Protection |
|
| 650 | 7 |
_aHEALTH & FITNESS / Diet & Nutrition / Food Content Guides _2bisacsh |
|
| 700 | 1 | _aİstanbul Ticaret Odası | |
| 856 | 4 | 0 | _uhttp://search.ebscohost.com/login.aspx?direct=true&scope=site&db=e011xww&AN=701133 |
| 999 |
_c6733 _d6733 |
||